The leadership moment : nine true stories of triumph and disaster and their lessons for us all /

Bibliographic Details
Main Author: Useem, Michael
Corporate Author: EBSCOhost
Format: eBook
Language:English
Published: New York : Times Business, ©1998.
Edition:1st ed.
Subjects:
Online Access:Connect to the full text of this electronic book

MARC

Tag First Indicator Second Indicator Subfields
LEADER 00000nam a2200000 a 4500
001 in00005642221
003 OCoLC
006 m o d
007 cr bn||||||abp
007 cr bn||||||ada
008 100712s1998 nyua ob 001 0 eng d
005 20250816191327.7
010 |z  98011282  
019 |a 654453185  |a 869737365  |a 1150228895  |a 1156130946  |a 1159413775 
020 |a 9780812990584  |q (electronic bk.) 
020 |a 0812990587  |q (electronic bk.) 
020 |z 0812929357  |q (alk. paper) 
020 |z 9780812929355  |q (alk. paper) 
024 8 |a 90101586450 
028 0 1 |a EB00152884  |b Recorded Books 
035 |a (OCoLC)647179389  |z (OCoLC)654453185  |z (OCoLC)869737365  |z (OCoLC)1150228895  |z (OCoLC)1156130946  |z (OCoLC)1159413775 
037 |a 2DCABAFB-FE75-4F90-BF53-5722854CD130  |b OverDrive, Inc.  |n http://www.overdrive.com 
040 |a OCLCE  |b eng  |e pn  |c OCLCE  |d TEFOD  |d OCLCO  |d OCLCQ  |d OCLCO  |d N$T  |d OCLCF  |d OCLCO  |d RECBK  |d IDEBK  |d YDXCP  |d TEFOD  |d OCLCQ  |d OCLCO  |d OCLCQ  |d INARC  |d UKAHL  |d EBLCP  |d OCLCO  |d OCLCQ 
042 |a dlr 
050 4 |a HM141  |b .U83 1998 
072 7 |a SOC  |x 000000  |2 bisacsh 
082 0 4 |a 303.3/4  |2 21 
084 |a 85.08  |2 bcl 
100 1 |a Useem, Michael. 
245 1 4 |a The leadership moment :  |b nine true stories of triumph and disaster and their lessons for us all /  |c Michael Useem. 
250 |a 1st ed. 
260 |a New York :  |b Times Business,  |c ©1998. 
300 |a 1 online resource ( vi, 329 pages) :  |b illustrations. 
336 |a text  |b txt  |2 rdacontent 
337 |a computer  |b c  |2 rdamedia 
338 |a online resource  |b cr  |2 rdacarrier 
504 |a Includes bibliographical references (pages 289-301) and index. 
505 0 |a Introduction: the leadership moment -- Roy Vagelos attacks river blindness -- Wagner Dodge retreats in Mann Gulch -- Eugene Kranz returns Apollo 13 to Earth -- Arlene Blum ascends Annapurna -- Joshua Lawrence Chamberlain defends Little Round Top -- Clifton Wharton restructures TIAA-CREF -- John Gutfreund loses Salomon Inc. -- Nancy Barry builds Women's World Banking -- Alfredo Cristiani ends El Salvador's civil war -- Conclusion: vision plus action -- A leader's guide. 
538 |a Master and use copy. Digital master created according to Benchmark for Faithful Digital Reproductions of Monographs and Serials, Version 1. Digital Library Federation, December 2002.  |u http://purl.oclc.org/DLF/benchrepro0212  |5 MiAaHDL 
583 1 |a digitized  |c 2010  |h HathiTrust Digital Library  |l committed to preserve  |2 pda  |5 MiAaHDL 
588 0 |a Print version record. 
650 0 |a Leadership  |v Case studies. 
650 0 |a Elite (Social sciences)  |v Case studies. 
650 0 |a Executive ability  |v Case studies. 
650 6 |a Leadership  |v Études de cas. 
650 6 |a Élite (Sciences sociales)  |v Études de cas. 
650 6 |a Aptitude pour la direction  |v Études de cas. 
650 7 |a SOCIAL SCIENCE  |x General.  |2 bisacsh 
650 7 |a Elite (Social sciences)  |2 fast  |0 (OCoLC)fst00908113 
650 7 |a Executive ability.  |2 fast  |0 (OCoLC)fst00917778 
650 7 |a Leadership.  |2 fast  |0 (OCoLC)fst00994701 
650 1 7 |a Leiderschap.  |2 gtt 
655 7 |a Electronic books.  |2 local 
710 2 |a EBSCOhost 
776 1 8 |i Print version:  |w (DLC) 98011282  |w (OCoLC)38355814 
856 4 0 |u http://proxy.library.tamu.edu/login?url=https://search.ebscohost.com/login.aspx?direct=true&scope=site&db=nlebk&db=nlabk&AN=743183  |z Connect to the full text of this electronic book  |t 0 
945 |b 376365 
955 |a YBP purchased firm e-records 
980 |b usergen  |c 90101586450  |g 565753  |k USD  |m 74.80  |o Requested by student  |q 1  |s AcqMono Conventional  |t Purchase at vendor system  |u Vendor order reference number  |v ZYBP  |y Undergrad - electronic  |z Electronic resource 
999 f f |i 0fd55f26-9d5f-4db0-a750-6d8457e20472  |s a0e13180-8941-4fe4-9b19-09f05add87ee  |t 0 
952 f f |a Texas A&M University  |b College Station  |c Electronic Resources  |d Available Online  |t 0  |e HM141 .U83 1998  |h Library of Congress classification 
998 f f |a HM141 .U83 1998  |t 0  |l Available Online